000 00471nam a2200169Ia 4500
999 _c103
_d103
003 OSt
005 20210827104722.0
008 190216s9999||||xx |||||||||||||| ||und||
040 _coclc
082 _a892.73
_bNAD/Q
100 _aNadiri, Abdul Hasan Ali
_98708
245 0 _aQisasunnabiyyin /
_cAbdul Hasan Ali Nadiri
260 _bNaduatul Ulama,
_aLucknow:
300 _a128p
650 _aArabic
942 _cBK
_2ddc
_h892.73
_iNAD/Q
_k892.73
_mNAD/Q